000 01807cam a22003737a 4500
001 17072139
005 20230324093459.0
008 111206s2011 enka b 001 0 eng d
010 _a 2011514793
016 7 _a015701793
_2Uk
020 _a9781849192590
020 _a1849192596
035 _a(OCoLC)ocn669256740
040 _aYDXCP
_cYDXCP
_dCDX
_dEYM
_dSTF
_dNUI
_dMYG
_dUKMGB
_dDLC
042 _alccopycat
050 0 0 _aTL589.4
_b.S75 2011
082 _a629.1326
_bSRI
100 1 _aSrinathkumar, S.
_9111288
245 1 0 _aEigenstructure control algorithms :
_bapplications to aircraft/ rotorcraft handling qualities design /
_cS. Srinathkumar.
260 _aLondon, U.K. :
_bInstitution of Engineering and Technology,
_c2011.
300 _axv, 285 p. :
_bill. ;
_c24 cm.
490 1 _aIET control engineering series ;
_v74
504 _aIncludes bibliographical references and index.
520 8 _aThis book demonstrates that eigenstructure control theory can be easily adapted and infused into aircraft industry's stringent design practices. Thus practicing flight control engineers will find it useful to explore the use of the new design concepts discussed in the book.
650 0 _aFlight control.
_91580
650 0 _aAutomatic pilot (Airplanes)
_9111289
830 0 _aIET control engineering series ;
_v74.
_9111290
856 4 2 _3Contributor biographical information
_uhttp://www.loc.gov/catdir/enhancements/fy1215/2011514793-b.html
856 4 2 _3Publisher description
_uhttp://www.loc.gov/catdir/enhancements/fy1215/2011514793-d.html
856 4 1 _3Table of contents only
_uhttp://www.loc.gov/catdir/enhancements/fy1215/2011514793-t.html
906 _a7
_bcbc
_ccopycat
_d2
_encip
_f20
_gy-gencatlg
942 _2ddc
_cBK
999 _c594207
_d594207